Quảng cáo sáng tạo = Creative advertising /
में बचाया:
| मुख्य लेखक: | |
|---|---|
| अन्य लेखक: | |
| स्वरूप: | Sách giấy |
| भाषा: | Vietnamese English |
| प्रकाशित: |
H. :
Hồng Đức,
2018.
|
| विषय: | |
| टैग : |
टैग जोड़ें
कोई टैग नहीं, इस रिकॉर्ड को टैग करने वाले पहले व्यक्ति बनें!
|
| Thư viện lưu trữ: | Thư viện Trường Đại học Đà Lạt |
|---|
| LEADER | 01266nam a2200349 4500 | ||
|---|---|---|---|
| 001 | DLU190193201 | ||
| 005 | ##20191104 | ||
| 020 | # | # | |a 9786048932251 |
| 040 | # | # | |a DLU |b vie |
| 041 | # | # | |a vie |h eng |
| 044 | # | # | |a vn |
| 082 | # | # | |a 659.1 |b PR-M |
| 100 | # | # | |a Pricken, Mario. |
| 245 | # | # | |a Quảng cáo sáng tạo = |b Creative advertising / |c Mario Pricken; Anh Tú dịch. |
| 246 | # | # | |a Creative advertising |
| 260 | # | # | |a H. : |b Hồng Đức, |c 2018. |
| 300 | # | # | |a 252 tr. : |b minh họa màu; |c 28 cm. |
| 505 | # | # | |a Phần 1. Nhóm ý tưởng: khung sáng tạo -- Phần 2. Danh mục khởi động: tìm ra những ý tưởng truyền đạt thông điệp hiệu quả -- Phần 3. Quảng cáo ấn tượng: hãy sử dụng sự hóm hỉnh và hài hước -- Phần 4. Những kỹ thuật sáng tạo cổ điển -- Phần 5. Sức tưởng tượng: bộ phim trong tâm trí bạn. |
| 650 | # | # | |a Nghệ thuật thương mại |x Kỹ thuật. |
| 650 | # | # | |a Quảng cáo. |
| 700 | # | # | |a Anh Tú, |e dịch. |
| 923 | # | # | |a 07/2019 |
| 991 | # | # | |a SH |
| 992 | # | # | |a 299000 |
| 994 | # | # | |a DLU |
| 900 | # | # | |a True |
| 911 | # | # | |a Nguyễn Thanh Hương |
| 925 | # | # | |a G |
| 926 | # | # | |a A |
| 927 | # | # | |a SH |
| 980 | # | # | |a Thư viện Trường Đại học Đà Lạt |


